| 000 | 00526nam a2200169 i 4500 | ||
|---|---|---|---|
| 001 | bg | ||
| 100 | 1 | _aSZAFER, Władysław | |
| 245 | 0 |
_aRośliny polskie : _bopisy i klucze do oznaczania wszystkich gatunków roślin naczyniowych / _cWładysław Szafer, Stanisław Kulczyński, Bogumił Pawłowski. |
|
| 250 | _aWyd.4. | ||
| 260 |
_aWarszawa, _c1976. |
||
| 700 | 1 | _aKULCZYŃSKI, Stanisław | |
| 700 | 1 | _aPAWŁOWSKI, Bogumił | |
| 040 | _cBPK | ||
| 041 | _apol | ||
| 942 | _cKS | ||
| 008 | s pl f |000 0 pol | ||
| 999 |
_c16863 _d16863 |
||
| 856 |
_uhttp://koha.tu.koszalin.pl/cgi-bin/koha/opac-detail.pl?biblionumber=16863 _yKatalog online BPK |
||